Optimización combinatoria (Registro nro. 13783)

Detalles MARC
000 - LÍDER
campo de control de longitud fija 01093nam a2200289 i 4500
005 - FECHA Y HORA DE LA ÚLTIMA TRANSACCIÓN
campo de control 20210818182023.0
008 - ELEMENTOS DE DATOS DE LONGITUD FIJA - INFORMACIÓN GENERAL
campo de control de longitud fija s2017 ck ade grf 001 0dspa d
020 ## - INTERNATIONAL STANDARD BOOK NUMBER
International Standard Book Number 9789588859439
040 ## - FUENTE DE CATALOGACIÓN
Agencia de catalogación original COMFC
Lenguaje de catalogación spa
Descripción convenciones rda
082 04 - NÚMERO DE CLASIFICACIÓN DECIMAL DEWEY
Número de clasificación 005.1
Número de artículo G748o
100 1# - ENTRADA PRINCIPAL - NOMBRE PERSONAL
9 (RLIN) 50289
Nombre de la persona Granada Echeverri, Mauricio
Término del Relator aut
245 10 - TÍTULO DECLARACIÓN
Título Optimización combinatoria
Resto del título de la teoría a la práctica
Declaración de responsabilidad Mauricio Granada Echeverri, Jhon Jairo Santa Chávez
264 01 - AVISO DE PRODUCCIÓN, PUBLICACIÓN, DISTRIBUCIÓN, FABRICACIÓN Y DERECHOS DE AUTOR
Lugar de producción Pereira
Nombre del productor Universidad Libre Seccional Pereira
Fecha de producción 2017
300 ## - DESCRIPCIÓN FÍSICA
Alcance 221 páginas
Otros datos físicos ilustraciones, gráficas, diagramas, planos
336 ## - TIPO DE CONTENIDO
Fuente rdacontent
Tipo de contenido txt
337 ## - TIPO DE MEDIO
Fuente rdamedia
Término del tipo de medio n
338 ## - TIPO DE PORTADOR
Fuente rdacarrier
Término del tipo de operador nc
500 ## - NOTA GENERAL
Nota general Incluye índice
500 ## - NOTA GENERAL
Nota general Incluye datos biográficos del autor
504 ## - BIBLIOGRAFÍA
Bibliografía Incluye referencias bibliográficas
650 #0 - ENTRADA DE SUJETO AÑADIDO - TÉRMINO TÓPICO
9 (RLIN) 53057
Término tópico o elemento de entrada del nombre geográfico Problemas y Codificación
650 #0 - ENTRADA DE SUJETO AÑADIDO - TÉRMINO TÓPICO
9 (RLIN) 53058
Término tópico o elemento de entrada del nombre geográfico Metaheurística
650 #0 - ENTRADA DE SUJETO AÑADIDO - TÉRMINO TÓPICO
9 (RLIN) 12342
Término tópico o elemento de entrada del nombre geográfico Algoritmos
650 #0 - ENTRADA DE SUJETO AÑADIDO - TÉRMINO TÓPICO
9 (RLIN) 8612
Término tópico o elemento de entrada del nombre geográfico Sistema Decimal de Codificacion Binaria
700 1# - ENTRADA AGREGADA - NOMBRE PERSONAL
9 (RLIN) 53056
Nombre de la persona Santa Chávez, Jhon Jairo
Término del Relator aut
942 ## - ELEMENTOS DE ENTRADA AGREGADOS (KOHA)
Fuente de clasificación o esquema de estanterías Dewey Decimal Classification
Parte de clasificación 005.1 G748o
Prefijo del número de llamada 005.1
Sufijo del número de llamada G748o
Existencias
Estado de retirada Pérdida de estatus Fuente de clasificación o esquema de estanterías Estado dañado No para préstamo Código de recogida Ubicación permanente Ubicación actual Ubicación de las estanterías Fecha de adquisición Total de Cajas Número Topográfico Código de barras Precio efectivo desde Número de copia Fecha de la última vez que se vio Tipo de artículo Koha
    Dewey Decimal Classification     General Biblioteca Pública Departamental Comfamiliar Risaralda Biblioteca Pública Departamental Comfamiliar Risaralda Área General 01/08/2018   005.1 G748o 1781 01/08/2018 Ej. 1 01/08/2018 Libro
    Dewey Decimal Classification     General Biblioteca Pública Departamental Comfamiliar Risaralda Biblioteca Pública Departamental Comfamiliar Risaralda Área General 01/08/2018   005.1 G748o 1782 01/08/2018 Ej. 2 01/08/2018 Libro